000
00228nam a22000857a 4500
008
170616b xxu||||| |||| 00| 0 eng d
100
_9
3433
_a
Chakraborty. B
245
_a
Friends of the green forest
260
_a
New delhi
_b
N. B. T
_c
2009
999
_c
6808
_d
6808